Billie Eilish - Dont Smile At Me (Pistes) - Statistiques

Statistiques générales
  • Ce quiz a été pris 25 fois
  • Le résultat moyen est 7 sur 9
Statistiques - réponses
Hint Réponse % Correct
3 my boy
94%
7 ocean eyes
94%
6 bellyache
88%
1 COPYCAT
88%
4 watch
88%
8 hostage
82%
2 idontwannabeyouanymore
82%
5 party favor
76%
9 &burn (feat. Vince Staples)
6%
Aucun quiz correspondant
Distribution des résultats
% des personnes avec chaque résultat
Percentile par nombre de réponses
Votre historique - résultats
Vous n’avez pas pris ce quiz